007950000a22002290004500003001100000005001700011008004100028020001500069040003900084041000800123082001500131245007600146260003600222300004600258500001600304650003700320650006900357650004800426650003900474700002600513700002600539LK-CoMWRAF20231013131812.0230817t1992 ||||| |||| 00| 0 eng d a0813382300 aLK-CoMWRAFdLK-CoMWRAFeLK-CoMWRAF aeng a331.4bUNE aUnequal burden :beconomic crises, persistent poverty, and women's work aBoulder:bWestview press,c1992 aix, 278 p. : maps ; 24 cmbIndex included aA photocopy aPOOR WOMEN- Developing countries aStructural adjustment (Economic policy) -Developing countries  aWomen -- Employment -- Developing countries aHouseholds -- Developing countries aBeneria, Lourdeseed. aFeldman, Shelleyeed.